000 01439nam0a2200361 4500
001 RU\NLR\BIBL_A\022651332
005 20260120174322.0
010 _a978-5-907927-21-6
_91000
021 _aRU
_bКН-П-25-049109
_9КН-П-25-4749
035 _a(NLR Aleph) 022651332
090 _a13533061
_c13533061
100 _a20251022d2024 k y0rusy50 ca
101 1 _arus
_cchi
102 _aRU
105 _aach z 000yy
181 0 _ai3
_bxxxe
181 0 _ab2
_bxb2e
182 0 _an
200 1 _aМелодия Ваньваньцян и окно с флёром
_eобзор театра теней Сяои
_fЧжу Вэнь
_gпер. с кит.: В. И. Лосева
203 _aТекст
_aИзображение
_bвизуальные
_cнепосредственные
210 _aМосква
_cИздание книг ком
_d2024
215 _a171 c.
_cил., цв. ил., портр., факс.
_d21
225 1 _aНа страже театра теней
320 _aБиблиогр.: с. 170 (8 назв.) и в подстроч. примеч.
333 _a16+
606 1 _aТеатр теней китайский
_91437874
_3RU\NLR\AUTH\66608151
686 1 _aЩ337.63(5Кит)
700 0 _aЧжу Вэнь
_f1964-
702 1 _aЛосева
_bВ. И.
_gВиктория И.
_4730
942 _cBOOK
980 _aNB